| 000 | 00813nam a2200217 a 4500 | ||
|---|---|---|---|
| 001 | 56966 | ||
| 003 | BD-RjUL | ||
| 005 | 20211209080444.0 | ||
| 008 | 161205s1968 bg ||||| |||| 00| 0 ben d | ||
| 035 | _a(BD-RjUL)57090 | ||
| 040 |
_aBD-RjUL _bben _cBD-RjUL |
||
| 041 | _aben | ||
| 082 |
_223 _aB 297.63 _bKAA 1968 |
||
| 100 |
_aকাদের, সাঈদ ইবনুল _9169296 |
||
| 245 |
_aআশারা-ই-মুবাশ্ শারাহ্ / _cসাঈদ ইবনুল কাদের |
||
| 260 |
_aঢাকা : _bবাংলা একাডেমী, _c১৯৬৮. |
||
| 300 |
_a১৩২ পৃ. ; _c২০ সেমি. |
||
| 600 |
_aমহাম্মদ (সঃ) _d৬৩২ _xসঙ্গী _9169630 |
||
| 600 |
_aMuhammad Prophet _d632 _xCompanions _9169631 |
||
| 942 |
_2ddc _cBK |
||
| 999 |
_c56966 _d56966 |
||